000
00305nam a22001337a 4500
008
170420b xxu||||| |||| 00| 0 eng d
020
_a
9780073383231
041
_a
eng
080
_2
7 ED
_a
573
100
_a
573
101
_a
SHM
245
_a
UNDERSTANDING EVOLUTION
_c
ROSENBAUN.P.A
942
_2
udc
_c
BK
999
_c
11372
_d
11372